| 000 | 00682nam a22002297i 4500 | ||
|---|---|---|---|
| 003 | DO-SdBNP | ||
| 005 | 20230912090223.0 | ||
| 007 | ta | ||
| 008 | 220930b1954 dr ||||| |||| 00| 0 spa d | ||
| 040 |
_aDO-SdBNP _bspa _cBNPHU _erda |
||
| 082 | 4 | _222 | |
| 100 | 1 |
_aAngulo Monteagudo, Manuel, _982459 _eautor |
|
| 245 | 1 |
_aJosé Martí y la educación / _cManuel Angulo Monteagudo |
|
| 264 |
_aSanta Clara : _bEscuela Normal para Maestros, _c1954. |
||
| 300 |
_a16 páginas ; _c22 cm. |
||
| 336 |
_2rdacontent _atexto _btxt |
||
| 337 |
_2rdamedia _asin mediación _bnc |
||
| 338 |
_0rdacarrier _2volumen _an |
||
| 590 | _aInventariado, 2022/BT | ||
| 910 | _aBtavárez | ||
| 942 |
_2ddc _cLF2 |
||
| 999 |
_c52496 _d52496 |
||